Statistical analysis: the basics / Christer Thrane. (Record no. 22229)

000 -LEADER
fixed length control field 00538nam a2200157 4500
020 ## - INTERNATIONAL STANDARD BOOK NUMBER
ISBN 9781032640778
082 ## - DEWEY DECIMAL CLASSIFICATION NUMBER
Classification number 519.5
Item number T529s 2025
100 ## - MAIN ENTRY--AUTHOR NAME
Personal name Thrane, Christer, author.
245 ## - TITLE STATEMENT
Title Statistical analysis: the basics / Christer Thrane.
260 ## - PUBLICATION, DISTRIBUTION, ETC. (IMPRINT)
Place of publication New York, NY :
Name of publisher Routledge,
Year of publication c2025.
300 ## - PHYSICAL DESCRIPTION
Number of Pages 1 online resource, xvii, 204 pages :
Other physical details illustrations.
490 ## - SERIES STATEMENT
Series statement The Basics Series
500 ## - GENERAL NOTE
General note Includes bibliographical references and index.
650 ## - SUBJECT ADDED ENTRY--TOPICAL TERM
Topical Term Social sciences -- Research -- Statistical methods.
942 ## - ADDED ENTRY ELEMENTS (KOHA)
Koha item type Electronic Books
Holdings
Source of acquisition Permanent Location Date acquired Collection code Koha item type Lost status Shelving location Withdrawn status Current Location Full call number
DonationsCagayan State University - Carig Library2026-04-15E-BooksElectronic Books E-Resource Section Cagayan State University - Carig Library519.5 T529s 2025

Cagayan State University University Library, Carig Campus
Tuguegarao City, Cagayan 3500 | www.csucarig.edu.ph

Powered by Koha